El último trabajo del señor Luna / (Record no. 190554)

MARC details
000 -LEADER
campo de control de longitud fija 01067nam a22003017 4500
001 - NÚMERO DE CONTROL
campo de control 190554
003 - IDENTIFICADOR DE NÚMERO DE CONTROL
campo de control SpMaBN
005 - FECHA Y HORA DE LA ÚLTIMA TRANSACCIÓN
campo de control 20250910063133.0
008 - DATOS DE LONGITUD FIJA--INFORMACIÓN GENERAL
campo de control de longitud fija 210902s2008 sp a 001 f spa
020 ## - NÚMERO INTERNACIONAL ESTÁNDAR DEL LIBRO
Número Internacional Estándar del Libro 978-84-236-7679-8
040 ## - FUENTE DE CATALOGACIÓN
Centro/agencia transcriptor ES-MaACL
080 ## - NÚMERO DE LA CLASIFICACIÓN DECIMAL UNIVERSAL
Número de la Clasificación Decimal Universal 087.5:82
100 1# - ENTRADA PRINCIPAL--NOMBRE DE PERSONA
Nombre de persona Mallorquí, César,
Fechas asociadas al nombre 1953-
9 (RLIN) 173660
245 13 - MENCIÓN DEL TÍTULO
Título El último trabajo del señor Luna /
Mención de responsabilidad, etc. César Mallorquí ; [ilustraciones, Fernando Krahn].
250 ## - MENCION DE EDICION
Mención de edición 16ª ed.
260 ## - PUBLICACIÓN, DISTRIBUCIÓN, ETC.
Lugar de publicación, distribución, etc. Barcelona :
Nombre del editor, distribuidor, etc. Edebé,
Fecha de publicación, distribución, etc. 2008.
300 ## - DESCRIPCIÓN FÍSICA
Extensión 245 p. :
Otras características físicas il. ;
Dimensiones 21 cm.
490 1# - MENCIÓN DE SERIE
Mención de serie Periscopio (Edebé) ;
Designación de volumen o secuencia 34
586 ## - NOTA DE PREMIOS
Nota de premios Premio Edebé de Literatura Juvenil
650 #7 - PUNTO DE ACCESO ADICIONAL DE MATERIA--TÉRMINO DE MATERIA
Término de materia o nombre geográfico como elemento de entrada Literatura infantil
Fuente del encabezamiento o término embne
9 (RLIN) 148145
700 1# - ENTRADA AGREGADA--NOMBRE PERSONAL
Nombre de persona Krahn, Fernando (
Fechas asociadas al nombre 1935-)
9 (RLIN) 173661
830 1# - PUNTO DE ACCESO ADICIONAL DE SERIE-TÍTULO UNIFORME
Título uniforme Periscopio (Edebé)
Designación de volumen o secuencia 34
9 (RLIN) 225903
852 4# - LOCALIZACIÓN
Ubicación ES-MaACL
Número de control de estantería A-14775
itemnumber 197732
Sublocalización o colección R.152275
Ubicación en estantería Depósito 1
Signatura antigua Olim: N-7775
Donativo/Legado Donación: José Lázaro
903 ## - NOMBRE PERSONAL DE DONANTE
9 234219
a Lázaro García, José
e Donante
942 ## - ELEMENTOS DE ENTRADA SECUNDARIOS (KOHA)
Tipo de ítem Koha Libro impreso
Holdings
Estatus retirado Estado de pérdida Fuente del sistema de clasificación o colocación Estado de daño No para préstamo Biblioteca de origen Biblioteca actual Ubicación en estantería Fecha de adquisición Fuente de adquisición Total de préstamos Signatura topográfica completa Código de barras Visto por última vez Precio de reemplazo Tipo de ítem Koha
    Clasificación decimal universal     Biblioteca del Ateneo de Madrid Biblioteca del Ateneo de Madrid Depósito 1 02/09/2021 Donación   A-14775 1202693 23/02/2023 23/02/2023 Libro impreso